000 00815nam a2200241 a 4500
999 _c11111
_d11111
001 11111
003 BD-JhCC
005 20200317134008.0
008 190630b20152018bg |||| ||a| 000 0 ben d
020 _a9789849120032
035 _a(BD-JhCC)11111
040 _aBD-JhCC
_dBD-JhCC
041 _aben
082 _a823.92
_bANA 2018
100 _aআনাম, তাহমিমা
245 _aদ্য গুড মুসলিম /
_cতাহমিমা আনাম, সম্পাদনা: মশিউল আলম
260 _aঢাকা:
_bপ্রথমা প্রকাশন;
_c২০১৮.
300 _a২৭৮ পৃঃ . :
_c২৩ সেমি.
651 _aIslamic Funda menalism
_zBangladesh
700 _aআলম, মশিউল
942 _2ddc
_cBK
_02